| 000 | 01542nam a2200361 c 4500 | ||
|---|---|---|---|
| 001 | 59882 | ||
| 003 | CO-BoRNBP | ||
| 005 | 20251110204052.0 | ||
| 007 | ta | ||
| 008 | 221027r20062013mx ao er 0 spa d spa | ||
| 020 | _a9789682475047 | ||
| 040 |
_aCO-BoRNBP _bspa _erda _cCO-BoRNBP |
||
| 041 | 0 | _aspa | |
| 082 | 0 | 4 |
_a667.3 _bL27m |
| 082 | 0 | 4 |
_a667.38 _bM15 _222 |
| 100 |
_aLesur Esquivel, Luis _eaut _967037 |
||
| 245 | 1 | 0 |
_aManual de teñido y estampado artesanal de telas : _buna guía paso a paso / _ccoordinación Luis Lesur ; diseño gráfico y fotografía Olivia Ortega. |
| 250 |
_aPrimera edición _bReimpresión |
||
| 264 | 1 |
_aMéxico : _bEditorial Trillas, _c2013 |
|
| 300 |
_a80 páginas : _bilustraciones y fotografías a color |
||
| 336 |
_atexto _btxt _2rdacontent |
||
| 337 |
_asin mediación _bn _2rdamedia |
||
| 338 |
_avolumen _bnc _2rdacarrier |
||
| 490 | 0 | _aCómo hacer | |
| 500 | _aEl material correspondiente a la dotación PNLB 2022, corresponde a la reimpresión de 2013 | ||
| 505 | _aTres elementos principales -- Fibras y telas -- Tintes -- Color y diseño -- Teñido -- Teñido directo -- Algunas técnicas de aplicación -- Teñido con bloqueador -- Estampado -- Estampado directo Estampado con esténcil -- El taller | ||
| 521 | _aRecomendado para un público adulto | ||
| 650 | 0 | 7 |
_aIndustria textil _2lemb _95889 |
| 650 | 0 | 7 |
_aTintes y Teñido _xIndustria textil _vNovela _2armarc _967038 |
| 650 | 0 | 7 |
_aTintorerías _2lemb _967039 |
| 700 |
_aOrtega, Olivia _epht _967036 |
||
| 942 |
_2ddc _cBK |
||
| 999 |
_c59882 _d59882 |
||